| 000 | 00884cam a2200133 4500500 | ||
|---|---|---|---|
| 005 | 20260405064210.0 | ||
| 041 | _afre | ||
| 042 | _adc | ||
| 100 | 1 | 0 |
_aGardes Tamine, Joëlle _eauthor |
| 245 | 0 | 0 | _aLa rhétorique |
| 260 |
_bArmand Colin,
_c2011. |
||
| 520 | _aL'originalité de ce manuel est de présenter la rhétorique en la mettant en relation avec les caractéristiques propres à l'homme : esprit, cœur, passions...Toutes les figures de rhétorique et d'argumentation sont présentées, illustrées de très nombreuses citations. Cette nouvelle édition est enrichie de nouvelles applications : Michelet Le Peuple (construction de l’ethos), Segalen Stèles « Mon amante a les vertus de l’eau » (l’allégorie), Rimbaud "Oraison du soir" (l’ironie). | ||
| 856 | 4 | 1 | _uhttps://shs.cairn.info/la-rhetorique--9782200269999?lang=fr&redirect-ssocas=7080 |
| 999 |
_c2186161 _d2186161 |
||